Теория организации: учебное пособие

書誌詳細
第一著者: Макарова Н. Н. Наталья Николаевна
団体著者: Национальный исследовательский Томский политехнический университет (ТПУ)
要約:Заглавие с титульного экрана
Электронная версия печатной публикации
Пособие подготовлено на кафедре социологии, психологии и права и предназначено для студентов дневной и вечерней формы обучения, обучающихся по специальностям «Менеджмент организации» и «Документоведение и архивоведение».
Режим доступа: из корпоративной сети ТПУ
言語:ロシア語
出版事項: Томск, Изд-во ТПУ, 2010
主題:
オンライン・アクセス:http://www.lib.tpu.ru/fulltext2/m/2011/m311.pdf
フォーマット: MixedMaterials 電子媒体 図書
KOHA link:https://koha.lib.tpu.ru/cgi-bin/koha/opac-detail.pl?biblionumber=201204

MARC

LEADER 00000nlm0a2200000 4500
001 201204
005 20231101225019.0
035 |a (RuTPU)RU\TPU\book\219303 
090 |a 201204 
100 |a 20110921d2010 m y0rusy50 ca 
101 0 |a rus 
102 |a RU 
105 |a a j 001zy 
135 |a drcn ---uucaa 
181 0 |a i  
182 0 |a b 
200 1 |a Теория организации  |b Электронный ресурс  |e учебное пособие  |f Н. Н. Макарова  |g Национальный исследовательский Томский политехнический университет (ТПУ) 
203 |a Текст  |c электронный 
210 |a Томск  |c Изд-во ТПУ  |d 2010 
230 |a 1 компьютерный файл (pdf; 301 KB) 
300 |a Заглавие с титульного экрана 
300 |a Электронная версия печатной публикации 
330 |a Пособие подготовлено на кафедре социологии, психологии и права и предназначено для студентов дневной и вечерней формы обучения, обучающихся по специальностям «Менеджмент организации» и «Документоведение и архивоведение». 
333 |a Режим доступа: из корпоративной сети ТПУ 
337 |a Adobe Reader 
452 1 |0 (RuTPU)RU\TPU\book\206281  |t Теория организации  |o учебное пособие  |f Н. Н. Макарова  |g Национальный исследовательский Томский политехнический университет (ТПУ)  |c Томск  |n Изд-во ТПУ  |d 2010  |p 94 с.  |a Макарова, Наталья Николаевна 
606 1 |a Теория организации  |2 stltpush  |3 (RuTPU)RU\TPU\subj\67710  |9 83402 
610 1 |a электронный ресурс 
610 1 |a труды учёных ТПУ 
610 1 |a учебные пособия 
610 1 |a экономика 
610 1 |a организации 
610 1 |a фирмы 
610 1 |a управление 
610 1 |a теория 
610 1 |a типология 
610 1 |a классификации 
610 1 |a организационные структуры 
610 1 |a миссия 
610 1 |a организационное моделирование 
610 1 |a организационная культура 
610 1 |a внешняя среда 
610 1 |a внутренняя среда 
686 |a У9(2)29-2я73  |v LBC/SL-A  |2 rubbk 
700 1 |a Макарова  |b Н. Н.  |c специалист в области социологии и психологии  |c доцент Томского политехнического университета, кандидат философских наук  |f 1952-  |g Наталья Николаевна  |2 stltpush  |3 (RuTPU)RU\TPU\pers\26863 
712 0 2 |a Национальный исследовательский Томский политехнический университет (ТПУ)  |c (2009- )  |2 stltpush  |3 (RuTPU)RU\TPU\col\15902 
801 1 |a RU  |b 63413507  |c 20110921 
856 4 |u http://www.lib.tpu.ru/fulltext2/m/2011/m311.pdf 
942 |c CF